| 000 | 01183cam a2200325 a 4500 | ||
|---|---|---|---|
| 001 | 28033 | ||
| 005 | 20230410130543.0 | ||
| 008 | 030815s2004 njua b 001 0deng | ||
| 035 | _a13314574 | ||
| 925 | 0 |
_aacquire _b2 shelf copies _xpolicy default |
|
| 942 |
_2lcc _cbk |
||
| 010 | _a2003060386 | ||
| 020 | _a0805810765 (alk. paper) | ||
| 020 | _a0805810773 (pbk. : alk. paper) | ||
| 020 | _a9780805810776 | ||
| 040 |
_aDLC _cDLC _dDLC |
||
| 043 | _an-us--- | ||
| 050 | 1 | 4 |
_aPN 1992.3 _bK95c 2004 |
| 100 | 1 | _aKubey, Robert | |
| 245 | 0 | 0 |
_aCreating television : _bconversations with the people behind 50 years of American TV / _cRobert Kubey. |
| 260 |
_aMahwah, N.J. : _bLawrence Erlbaum, _c2004. |
||
| 300 |
_axi, 509 p. : _bill. ; _c26 cm. |
||
| 440 | 0 | _aLEA's communication series | |
| 504 | _aIncludes bibliographical references (p. 481-483) and index. | ||
| 650 | 0 |
_aTelevision broadcasting _zUnited States. |
|
| 650 | 0 |
_aTelevision producers and directors _zUnited States _vInterviews. |
|
| 650 | 0 |
_aTelevision actors and actresses _zUnited States _vInterviews. |
|
| 650 | 0 |
_aTelevision writers _zUnited States _vInterviews. |
|
| 700 | 1 |
_aKubey, Robert William, _d1952- |
|
| 999 |
_c76032 _d76032 |
||